[Event "IND-ch Challengers 54th"]
[Site "Noida"]
[Date "2016.07.09"]
[Round "1"]
[White "Madhab, Sarma"]
[Black "Aravindh, Chithambaram VR"]
[Result "0-1"]
[WhiteElo "1858"]
[BlackElo "2543"]
[PlyCount "76"]
[EventDate "2016.07.09"]
[EventType "swiss"]
[EventRounds "13"]
[EventCountry "IND"]
[SourceTitle "CBM 173 Extra"]
[Source "ChessBase"]
[SourceDate "2016.08.29"]
[SourceVersion "1"]
[SourceVersionDate "2016.08.29"]
[SourceQuality "1"]

1. d4 d5 2. Nf3 Nf6 3. e3 g6 4. c4 Bg7 5. Nc3 0-0 6. Be2 dxc4 7. Bxc4 c5 8. 0-0 cxd4 9. Nxd4 Qc7 10. Qb3 Nbd7 11. Be2 a6 12. Bd2 e5 13. Nf3 Nc5 14. Qa3 e4 15. Nd4 Qe5 16. f4 exf3 17. gxf3 Qh5 18. Rf2 Ne6 19. Nxe6 Bxe6 20. e4 Rfd8 21. Be3 Bf8 22. Qa4 Bc5 23. f4 Bg4 24. Bxc5 Qxc5 25. e5 Bxe2 26. exf6 Bf3 27. Re1 Bc6 28. Qc2 Re8 29. Rd1 Bf3 30. Rc1 Rad8 31. f5 Qd4 32. fxg6 hxg6 33. Kf1 Qc4+ 34. Kg1 Qg4+ 35. Kf1 Qh3+ 36. Kg1 Rd4 37. Ne2 Rg4+ 38. Ng3 Rxg3+ 0-1